Desarrollo económico : retos y políticas públicas / (Registro nro. 5274)
[ vista simple ]
| 000 -LEADER | |
|---|---|
| fixed length control field | 01279nam a2200277Ia 4500 |
| 008 - FIXED-LENGTH DATA ELEMENTS--GENERAL INFORMATION | |
| fixed length control field | 191128s9999 xx 000 0 und d |
| 020 ## - INTERNATIONAL STANDARD BOOK NUMBER | |
| International Standard Book Number | 9789588280172 |
| 082 ## - DEWEY DECIMAL CLASSIFICATION NUMBER | |
| Classification number | 328 .31 |
| 082 ## - DEWEY DECIMAL CLASSIFICATION NUMBER | |
| Item number | P32 |
| 100 ## - MAIN ENTRY--PERSONAL NAME | |
| Personal name | Nupia Martinez, Oskar, autor |
| 245 #0 - TITLE STATEMENT | |
| Title | Desarrollo económico : retos y políticas públicas / |
| 245 #0 - TITLE STATEMENT | |
| Statement of responsibility, etc. | Oskar Nupia Martinez, Raquel Bernal y Adriana Camacho [y otros] |
| 250 ## - EDITION STATEMENT | |
| Edition statement | Primera edición |
| 260 ## - PUBLICATION, DISTRIBUTION, ETC. | |
| Place of publication, distribution, etc. | Manizales |
| 260 ## - PUBLICATION, DISTRIBUTION, ETC. | |
| Name of publisher, distributor, etc. | Universidad Nacional de Colombia : Senado de la República |
| 260 ## - PUBLICATION, DISTRIBUTION, ETC. | |
| Date of publication, distribution, etc. | 2008 |
| 300 ## - PHYSICAL DESCRIPTION | |
| Extent | 101 páginas |
| 300 ## - PHYSICAL DESCRIPTION | |
| Dimensions | 22 cm |
| 440 ## - SERIES STATEMENT/ADDED ENTRY--TITLE | |
| Title | Documentos de política pública, piensa Colombia : los aportes de la academia |
| 500 ## - GENERAL NOTE | |
| General note | Bibliografía: páginas 92-101 |
| 505 ## - FORMATTED CONTENTS NOTE | |
| Formatted contents note | Descripción del problema -- Opciones de política -- Recomendaciones y conclusiones |
| 520 ## - SUMMARY, ETC. | |
| Summary, etc. | Como parte de un esfuerzo para acercar a los mejores centros de investigación académica que estudian las principales problemáticas de nuestro país a los foros políticos, el Congreso de la República ha formulado el Proyecto Piensa Colombia. |
| 546 ## - LANGUAGE NOTE | |
| Language note | spa |
| 650 ## - SUBJECT ADDED ENTRY--TOPICAL TERM | |
| Topical term or geographic name entry element | Violencia -- Colombia Víctimas de la violencia Desarrollo económico Narcotráfico-- |
| 799 ## - LOCAL ADDED ENTRY--UNIFORM TITLE (RLIN) | |
| Uniform title | Bernal, Raquel, autor ; Camacho, Adriana, autor |
No hay ítems disponibles.